[Event "Munich"]
[Site "Munich"]
[Date "1992.??.??"]
[Round "9"]
[White "Khalifman, Alexander"]
[Black "Lobron, Eric"]
[Result "0-1"]
[WhiteElo "2625"]
[BlackElo "2575"]

1.e4 c6 2.d4 d5 3.e5 Bf5 4.Nf3 e6 5.Be2 Ne7 6.O-O Nd7 7.Nh4 Bg6 8.Nd2 c5
9.c3 Nc6 10.Nxg6 hxg6 11.Nf3 Be7 12.Be3 a6 13.g3 g5 14.Kg2 cxd4 15.cxd4 Nf8
16.Rc1 f6 17.h3 Qd7 18.Rc3 Bd8 19.a3 Ng6 20.Rh1 Bb6 21.Bd3 Nge7 22.Bc2 O-O-O
23.exf6 gxf6 24.h4 gxh4 25.Rxh4 Kb8 26.Qh1 Qc8 27.b4 Rxh4 28.Qxh4 Rf8 29.Bf4+ Ka8
30.Bh6 Rf7 31.Be3 Qg8 32.Bd3 e5 33.dxe5 Bxe3 34.e6 Rg7 35.fxe3 Qxe6 36.Kf2 Ne5
37.Nxe5 fxe5 38.e4 Rf7+ 39.Kg2 d4 40.Rc5 Qb3 41.Qh5 Rf8 42.Bc4 Qe3 43.Rxe5 Ng6  0-1

[Event "Munich"]
[Site "Munich"]
[Date "1992.??.??"]
[Round "10"]
[White "Gelfand, Boris"]
[Black "Khalifman, Alexander"]
[Result "1/2-1/2"]
[WhiteElo "2665"]
[BlackElo "2625"]

1.d4 Nf6 2.c4 e6 3.Nf3 b6 4.g3 Ba6 5.Nbd2 Bb4 6.Qc2 Bb7 7.Bg2 c5 8.dxc5 Bxc5
9.O-O Be7 10.e4 d6 11.b3 Nbd7 12.Bb2 O-O 13.Rad1 Qc7 14.Nd4 a6 15.Qb1 Rfe8
16.Rfe1  1/2-1/2

[Event "Munich"]
[Site "Munich"]
[Date "1992.??.??"]
[Round "11"]
[White "Khalifman, Alexander"]
[Black "Huebner, Robert"]
[Result "1-0"]
[WhiteElo "2625"]
[BlackElo "2615"]

1.d4 Nf6 2.c4 e6 3.Nf3 b6 4.a3 Bb7 5.Nc3 d5 6.cxd5 exd5 7.Qa4+ c6 8.Bg5 Be7
9.e3 O-O 10.Bd3 c5 11.Rd1 Nbd7 12.Ne5 Nxe5 13.dxe5 Nh5 14.Ba6 Bxa6 15.Rxd5 Qe8
16.Bxe7 Qxa4 17.Nxa4 Rfe8 18.Rd7 Bb5 19.Rc7 Bxa4 20.g4 Rec8 21.Rxc8+ Rxc8
22.gxh5 f6 23.Rg1 Kf7 24.Bd6 Re8 25.f4 Bc2 26.Kd2 Be4 27.Kc3 f5 28.Kc4 a6
29.h6 gxh6 30.Bc7 Re6 31.Bd8 b5+ 32.Kxc5 Rc6+ 33.Kb4 Rc2 34.b3 Rxh2 35.Bf6 Bd5
36.Rg7+ Kf8 37.Rd7 Be6 38.Rd6 Kf7 39.Rxa6 Rb2 40.Ra7+ Kg6 41.Kc5 Rxb3 42.Rg7+ Kh5
43.Kd6 Bc4 44.e6 Rxa3 45.e7 Ra8 46.Bc3 b4 47.Bxb4 Kh4 48.e4 fxe4  1-0

[Event "Oviedo rapid45"]
[Site "Oviedo"]
[Date "1992.??.??"]
[Round "2"]
[White "Khalifman, Alexander"]
[Black "Markzon, Gregory"]
[Result "1/2-1/2"]
[WhiteElo "2625"]
[BlackElo "2275"]

1.d4 Nf6 2.Nf3 g6 3.c4 Bg7 4.Nc3 O-O 5.e4 d6 6.Be2 e5 7.O-O exd4 8.Nxd4 Re8
9.f3 c6 10.Kh1 Nh5 11.f4 Na6 12.Be3 Nf6 13.Bf3 Nc5 14.Qc2 Bg4 15.Rad1 Qe7
16.Bg1 Bxf3 17.gxf3 Nh5 18.f5 Be5 19.Nde2 Qh4 20.Qd2 gxf5 21.exf5 Bxc3 22.Nxc3 Ng3+
23.Kg2 Nxf1 24.Rxf1 Rad8 25.Bd4 f6 26.Kh1 Kf7 27.b4 Rg8 28.Bg1 Qxc4 29.Rd1 Qxb4
30.Rb1 Rxg1+  1/2-1/2

[Event "Oviedo rapid45"]
[Site "Oviedo"]
[Date "1992.??.??"]
[Round "4"]
[White "Khalifman, Alexander"]
[Black "Acebal, Antonio"]
[Result "1-0"]
[WhiteElo "2625"]
[BlackElo "2295"]

1.e4 e5 2.Nf3 Nc6 3.Bb5 a6 4.Ba4 Nf6 5.O-O Be7 6.Re1 b5 7.Bb3 d6 8.c3 O-O
9.d4 Bg4 10.d5 Na5 11.Bc2 c6 12.h3 Bxf3 13.Qxf3 Qc7 14.Nd2 Rfe8 15.Nf1 Nc4
16.Ng3 g6 17.a4 Nd7 18.b3 Na5 19.Bd2 Nc5 20.Qd1 Nab7 21.a5 Nd7 22.dxc6 Qxc6
23.b4 Nf6 24.Bb3 Nd8 25.Qf3 Ne6 26.Bd5  1-0

[Event "Oviedo rapid45"]
[Site "Oviedo"]
[Date "1992.??.??"]
[Round "5"]
[White "Sadler, Matthew"]
[Black "Khalifman, Alexander"]
[Result "1/2-1/2"]
[WhiteElo "2485"]
[BlackElo "2625"]

1.d4 d6 2.c4 g6 3.Nc3 Bg7 4.e4 Nf6 5.f3 O-O 6.Bg5 c5 7.d5 e6 8.Qd2 exd5 9.cxd5 h6
10.Be3 Re8 11.Nge2 Nbd7 12.Nc1 h5 13.Be2 Ne5 14.O-O Nh7 15.Bh6 Bh8 16.Kh1 f5
17.Nb3 Nf6 18.Bg5 Nf7 19.Bd3 Ne5 20.Bb5 Bd7 21.exf5 Bxb5 22.Nxb5 Qd7 23.Nc3 Qxf5
24.Bxf6 Bxf6 25.Ne4 Be7 26.Qc3 Nf7 27.Rad1 Ne5 28.Na5 Rab8 29.Qc2 Bf8 30.Nc4  1/2-1/2

[Event "Oviedo rapid45"]
[Site "Oviedo"]
[Date "1992.??.??"]
[Round "6"]
[White "Khalifman, Alexander"]
[Black "Todorcevic, Miodrag"]
[Result "1-0"]
[WhiteElo "2625"]
[BlackElo "2470"]

1.d4 g6 2.c4 Bg7 3.Nc3 d6 4.e4 e5 5.Be3 Nc6 6.d5 Nce7 7.c5 f5 8.Bb5+ Kf7
9.f4 fxe4 10.fxe5 Bxe5 11.Nxe4 Nf5 12.Bg5 Bf6 13.Nf3 h6 14.Bd2 Bh4+ 15.g3 Nf6
16.O-O Nxe4 17.Nxh4 Nxd2 18.Qxd2 Kg7 19.Nxf5+ gxf5 20.Rac1 Rf8 21.Rf4 a6
22.Bd3 Bd7 23.Qb4 Qf6 24.cxd6 cxd6 25.Rc7 Rf7 26.Qxb7 Rd8 27.Bxf5 Qe5 28.Rxd7 Rdxd7
29.Bxd7 Rxf4 30.gxf4 Qe1+ 31.Kg2 Qe2+ 32.Kg3 Qe3+ 33.Kh4 Qf2+ 34.Kh5 Kf6  1-0

[Event "Oviedo rapid45"]
[Site "Oviedo"]
[Date "1992.??.??"]
[Round "7"]
[White "Taimanov, Mark E"]
[Black "Khalifman, Alexander"]
[Result "1/2-1/2"]
[WhiteElo "2505"]
[BlackElo "2625"]

1.Nf3 d6 2.d4 Bg4 3.e4 Nf6 4.Nbd2 e6 5.c3 Be7 6.Be2 d5 7.Ne5 Bxe2 8.Qxe2 O-O
9.O-O c5 10.dxc5 Bxc5 11.exd5 exd5 12.Nb3 Bb6 13.Ng4 Nxg4 14.Qxg4 Nc6 15.Bg5 Qd6
16.Rad1 Qg6 17.Qg3 f6 18.Bf4 Rad8 19.Qxg6 hxg6 20.Rfe1  1/2-1/2

[Event "RUS-chT"]
[Site "Podolsk"]
[Date "1992.??.??"]
[Round "?"]
[White "Makarichev, Sergey"]
[Black "Khalifman, Alexander"]
[Result "1/2-1/2"]
[WhiteElo "2530"]
[BlackElo "2625"]

1.c4 Nf6 2.Nc3 e6 3.d4 d5 4.cxd5 exd5 5.Bg5 Be7 6.e3 c6 7.Bd3 Nbd7 8.h3 O-O
9.Qc2 Re8 10.Nf3 Nf8 11.O-O-O a5 12.Kb1 Be6 13.Bf4 a4 14.Ng5 Qa5 15.Be5 a3
16.b3 Rac8 17.Ne2 c5 18.dxc5 Bxc5 19.Bc3 Qb6 20.Qd2 Ne4 21.Bxe4 dxe4 22.Nxe6 Nxe6
23.Ng3 Red8  1/2-1/2

[Event "Reggio Emilia9192"]
[Site "Reggio Emilia"]
[Date "1992.??.??"]
[Round "1"]
[White "Khalifman, Alexander"]
[Black "Polugaevsky, Lev"]
[Result "1/2-1/2"]
[WhiteElo "2630"]
[BlackElo "2630"]

1.d4 Nf6 2.c4 e6 3.Nf3 b6 4.Nc3 Bb7 5.a3 d5 6.Qa4+ Qd7 7.Qc2 dxc4 8.e4 b5
9.Bf4 a6 10.O-O-O Be7 11.g4 Nc6 12.g5 Nh5 13.Be3 b4 14.Ne5 Nxe5 15.dxe5 Qc6
16.axb4 Bxb4 17.Be2 g6 18.Rd4 Bc5 19.Rxc4 Bxe3+ 20.fxe3 Qb6 21.Qa4+ c6 22.Rd4 O-O
23.Bxh5 gxh5 24.Qb4 Qxb4 25.Rxb4 Rab8 26.Rd1 c5 27.Rb6 h4 28.Rf1 Rfc8 29.Rf4 Rc6
30.Rxc6 Bxc6 31.Rxh4 a5 32.Rf4 a4 33.Kc2 Ra8 34.Rf1 a3 35.Ra1 axb2 36.Rxa8+ Bxa8
37.Kxb2 Kg7 38.Kb3 Kg6 39.Kc4 Kxg5 40.Kxc5 Kg4 41.Kd6 Kf3 42.Ke7 Kxe3 43.Kxf7  1/2-1/2

[Event "Reggio Emilia9192"]
[Site "Reggio Emilia"]
[Date "1992.??.??"]
[Round "2"]
[White "Khalifman, Alexander"]
[Black "Gurevich, Mikhail"]
[Result "1/2-1/2"]
[WhiteElo "2630"]
[BlackElo "2630"]

1.d4 d5 2.c4 c6 3.Nf3 Nf6 4.cxd5 cxd5 5.Nc3 Nc6 6.Bf4 a6 7.Ne5 e6 8.e3 Nxe5
9.Bxe5 Be7 10.Qb3 b5 11.Bd3 O-O 12.O-O Bd7 13.a4 b4 14.Bxf6 gxf6 15.Ne2 f5
16.a5 Bd6 17.Qd1 Kh8 18.Nc1 f4 19.Qh5 f5 20.exf4 Bxf4 21.Nb3 Rg8 22.g3 Qf6
23.Kh1 Bd6 24.f4 Rg4 25.Be2 Be8 26.Qh3 Rg7 27.Qg2 h5 28.h4 Bc6 29.Qf2 Rag8
30.Rg1 Bb7 31.Rac1 Qd8 32.Kh2 Bc8 33.Kh1 Bb7 34.Kh2 Bc8 35.Kh1  1/2-1/2

[Event "Reggio Emilia9192"]
[Site "Reggio Emilia"]
[Date "1992.??.??"]
[Round "6"]
[White "Khalifman, Alexander"]
[Black "Gelfand, Boris"]
[Result "1/2-1/2"]
[WhiteElo "2630"]
[BlackElo "2665"]

1.c4 g6 2.Nf3 Bg7 3.e4 d6 4.d4 Nf6 5.Nc3 O-O 6.Be2 e5 7.O-O Nc6 8.d5 Ne7
9.Ne1 Nd7 10.Nd3 f5 11.Bd2 Nf6 12.f3 Kh8 13.a4 a5 14.g4 c5 15.Kg2 f4 16.h4 h5
17.g5 Ne8 18.Rh1  1/2-1/2

[Event "Reggio Emilia9192"]
[Site "Reggio Emilia"]
[Date "1992.??.??"]
[Round "7"]
[White "Beliavsky, Alexander G"]
[Black "Khalifman, Alexander"]
[Result "0-1"]
[WhiteElo "2655"]
[BlackElo "2630"]

1.Nf3 Nf6 2.c4 g6 3.Nc3 Bg7 4.e4 d6 5.d4 O-O 6.Be2 e5 7.O-O Nc6 8.d5 Ne7
9.Nd2 a5 10.Rb1 Nd7 11.a3 f5 12.b4 Kh8 13.f3 Ng8 14.Qc2 Ngf6 15.Nb5 axb4
16.axb4 Nh5 17.g3 Ndf6 18.c5 Bd7 19.Rb3 Nxg3 20.hxg3 Nh5 21.f4 Bxb5 22.Bxb5 exf4
23.Bb2 Nxg3 24.Bxg7+ Kxg7 25.Qc3+ Kg8 26.Rxf4 Nh5 27.Rf2 fxe4 28.Rxf8+ Qxf8
29.Nxe4 Qf5 30.Qf3 Qxd5 31.Rd3 Qe5 32.Rd1 d5 33.Nf2 c6 34.Bf1 Rf8 35.Qh3 Nf4
36.Qf3 Qb2 37.b5 Nh3+ 38.Qxh3 Qxf2+ 39.Kh1 Rf5 40.bxc6 bxc6 41.Qb3 Rg5 42.Bh3 Rg3
43.Qb8+ Kg7 44.Qe5+ Kh6 45.Qe6 Qf3+ 46.Kh2 Qf2+ 47.Kh1 Qxc5 48.Rf1 Qc2 49.Rf7 Qd1+
50.Rf1 Qd3 51.Kh2 Rg5 52.Qc8 Qg3+ 53.Kh1 Kh5  0-1

[Event "Reggio Emilia9192"]
[Site "Reggio Emilia"]
[Date "1992.??.??"]
[Round "8"]
[White "Khalifman, Alexander"]
[Black "Salov, Valery"]
[Result "0-1"]
[WhiteElo "2630"]
[BlackElo "2665"]

1.d4 f5 2.g3 Nf6 3.Bg2 c6 4.c4 d6 5.d5 e5 6.dxe6 Bxe6 7.Nd2 g6 8.b3 Bg7 9.Bb2 Na6
10.Nh3 O-O 11.O-O Qe7 12.Qc2 Nc5 13.Rad1 a5 14.Rfe1 Nfe4 15.Nf4 Bxb2 16.Qxb2 g5
17.Nxe6 Qxe6 18.Nxe4 fxe4 19.Qd2 e3 20.fxe3 Rf6 21.Rf1 Rxf1+ 22.Rxf1 h6 23.e4 Qe7
24.Qd4 Qe5 25.Rd1 Qxd4+ 26.Rxd4 Rd8 27.e5 Kf7 28.exd6 Ke6 29.Kf2 Rxd6 30.Ke3 a4
31.b4 Na6 32.Bh3+ Ke5 33.Re4+ Kf6 34.c5 Rd1 35.Bc8 Rb1 36.a3 Nxb4 37.axb4 Rb3+
38.Kf2 a3 39.Re6+ Kf7 40.Rd6 a2 41.Be6+ Ke7 42.Bxb3 a1=Q 43.b5 cxb5 44.h3 Qc3
45.Rd3 Qxc5+ 46.Kf1 h5 47.Bd5 b6 48.Kg2 b4 49.Kf1 Kf6 50.Kg2 Ke5 51.Bb3 Qc6+
52.Kg1 Qe4 53.Kf2 Qh1 54.Re3+ Kd4 55.Rd3+ Kc5 56.Be6 Qh2+ 57.Kf1 Qh1+ 58.Kf2 b5
59.g4 Qh2+ 60.Kf1 Qe5 61.Bb3 hxg4  0-1

[Event "Belgrade"]
[Site "Belgrade"]
[Date "1993.??.??"]
[Round "1"]
[White "Khalifman, Alexander"]
[Black "Romanishin, Oleg M"]
[Result "1/2-1/2"]
[WhiteElo "2645"]
[BlackElo "2615"]

1.e4 e5 2.Nf3 Nc6 3.Bb5 a6 4.Ba4 Nf6 5.O-O Be7 6.Re1 b5 7.Bb3 d6 8.c3 O-O
9.h3 Na5 10.Bc2 c5 11.d4 Bb7 12.d5 Nc4 13.b3 Nb6 14.a4 Bc8 15.Be3 Qc7 16.Nbd2 g6
17.Qe2 Bd7 18.a5 Nc8 19.Nf1 Nh5 20.b4 Bf6 21.Qd2 Bg7 22.Ng3 Nf4 23.Rac1 Qd8
24.Bxf4 exf4 25.Qxf4 Bxc3 26.bxc5 f6 27.c6 Be8 28.Red1 Qxa5 29.Nd4 Bb2 30.Rb1 Bxd4
31.Rxd4 Qc3 32.Qd2 Qxd2 33.Rxd2 Nb6 34.Bd3 Bf7 35.Ne2 Na4 36.Nd4 Rfe8 37.f3 f5
38.exf5 Nc3 39.Rc1 Nxd5 40.fxg6 hxg6 41.c7 Rac8 42.Bxb5 axb5 43.Nxb5 Re7
44.Kh2 Nxc7 45.Rxd6 Be8 46.Nxc7 Rcxc7 47.Rxc7 Rxc7 48.Kg3 Rc2 49.h4 Kg7 50.Re6 Bb5
51.Rb6 Bd3 52.Rd6 Bf5 53.Rb6 Kh6 54.Rd6 Bc8 55.Rb6 Ra2 56.Rb8 Be6 57.Rb4 Rd2
58.Re4 Bb3 59.Rb4 Bd1 60.Rb6 Ra2 61.Rd6 Be2 62.Kf4 Ra4+  1/2-1/2

[Event "Belgrade"]
[Site "Belgrade"]
[Date "1993.??.??"]
[Round "8"]
[White "Mozetic, Dejan"]
[Black "Khalifman, Alexander"]
[Result "0-1"]
[WhiteElo "2580"]
[BlackElo "2645"]

1.d4 Nf6 2.c4 e6 3.Nc3 Bb4 4.Qc2 O-O 5.a3 Bxc3+ 6.Qxc3 b6 7.Bg5 c5 8.dxc5 bxc5
9.e3 d6 10.f3 Nbd7 11.Nh3 Rb8 12.O-O-O h6 13.Bf4 e5 14.Bg3 Rb6 15.Bd3 Ba6
16.Rd2 Qc7 17.Bc2 Rfb8 18.b3 Bc8 19.Rhd1 Ne8 20.f4 e4 21.f5 Ndf6 22.Rf1 Bd7
23.Bh4 R8b7 24.Nf4 Qb8 25.Ne2 a5 26.a4 Rxb3 27.Bxb3 Rxb3 28.Qa1 Qb4 29.Rc2 Ra3
30.Qb2 Qxa4 31.Nc3 Qxc4 32.Qxa3 Qxf1+ 33.Kb2 a4 34.Bxf6 Nxf6 35.Qa2 Qd3 36.Qb1 d5
37.Ka2 d4 38.Qb8+ Kh7 39.Rb2  0-1

[Event "Belgrade"]
[Site "Belgrade"]
[Date "1993.??.??"]
[Round "9"]
[White "Khalifman, Alexander"]
[Black "Kramnik, Vladimir"]
[Result "1/2-1/2"]
[WhiteElo "2645"]
[BlackElo "2710"]

1.d4 d5 2.c4 c6 3.Nf3 Nf6 4.Nc3 e6 5.cxd5 exd5 6.Bg5 Be7 7.e3 Bf5 8.Bd3 Bxd3
9.Bxf6 Bxf6 10.Qxd3 Nd7 11.O-O O-O 12.Rfd1 Re8  1/2-1/2

[Event "Groningen PCA"]
[Site "Groningen"]
[Date "1993.??.??"]
[Round "1"]
[White "Khalifman, Alexander"]
[Black "Lutz, Christopher"]
[Result "1/2-1/2"]
[WhiteElo "2645"]
[BlackElo "2605"]

1.d4 Nf6 2.Nf3 e6 3.c4 b6 4.g3 Ba6 5.b3 Bb4+ 6.Bd2 Be7 7.Bg2 c6 8.Bc3 d5
9.Ne5 Nfd7 10.Nxd7 Nxd7 11.Nd2 O-O 12.O-O Rc8 13.e4 b5 14.Re1 dxe4 15.Nxe4 bxc4
16.Qe2 Nf6 17.Red1 Nxe4 18.Bxe4 Qd6 19.bxc4 Bf6 20.Qh5 h6 21.Qa5 c5 22.d5 Bd4
23.Qa3 Rfd8 24.Rac1  1/2-1/2

[Event "Groningen PCA"]
[Site "Groningen"]
[Date "1993.??.??"]
[Round "3"]
[White "Khalifman, Alexander"]
[Black "Ribli, Zoltan"]
[Result "1/2-1/2"]
[WhiteElo "2645"]
[BlackElo "2610"]

1.d4 Nf6 2.c4 e6 3.Nf3 d5 4.Nc3 dxc4 5.e4 Bb4 6.Bg5 c5 7.e5 cxd4 8.Qa4+ Nc6
9.O-O-O Bd7 10.Ne4 Be7 11.exf6 gxf6 12.Bh4 Rc8 13.Kb1 Na5 14.Qc2 e5 15.Nxd4 exd4
16.Rxd4 Qb6 17.Rd5 Be6 18.Qa4+ Nc6 19.Bxc4 Qb4 20.Qxb4 Nxb4 21.Bb5+ Kf8 22.Rd2 Bxa2+
23.Ka1 Be6 24.Nxf6 Kg7 25.Nh5+ Kf8 26.Nf6 Kg7 27.Nh5+  1/2-1/2

[Event "Groningen PCA"]
[Site "Groningen"]
[Date "1993.??.??"]
[Round "4"]
[White "Vaganian, Rafael A"]
[Black "Khalifman, Alexander"]
[Result "1/2-1/2"]
[WhiteElo "2615"]
[BlackElo "2645"]

1.d4 d5 2.c4 c6 3.Nf3 Nf6 4.Nc3 dxc4 5.a4 Bf5 6.Ne5 e6 7.f3 Bb4 8.e4 Bxe4
9.fxe4 Nxe4 10.Bd2 Qxd4 11.Nxe4 Qxe4+ 12.Qe2 Bxd2+ 13.Kxd2 Qd5+ 14.Kc2 Na6
15.Nxc4 O-O-O 16.Qe5 f6 17.Qxd5 Rxd5 18.Ne3 Rc5+ 19.Bc4 Nc7 20.Kd2 Rd8+ 21.Bd3 Na6
22.Ke2 Nb4 23.Bc4 Re5 24.Rad1 Nd5 25.Bxd5 exd5 26.Kd3 Rde8 27.Nc2 Kc7 28.Rhf1 a5
29.Rf3 c5 30.b3 b6 31.Rdf1 d4 32.Rh3 h6 33.Rg3 R8e7 34.Rff3 Kc6 35.Rg6 Rg5
36.Rxg5 hxg5 37.Rh3 Re8 38.Rh7 Re7 39.Rh8 Kc7 40.Rg8 Kc6 41.h3 Kd5 42.Rb8 Re6
43.Rg8 Re7 44.Rd8+ Kc6 45.g3 Kc7 46.Rg8 Kd6 47.Kc4 Ke5 48.Kd3 Kd6 49.Rb8 Kc7
50.Ra8 Kd6 51.Kd2 Ke5 52.Rb8 Re6 53.Kd3 Kf5 54.Rd8 Kg6 55.g4 f5 56.gxf5+ Kxf5
57.Rd7 Rh6 58.Rf7+ Ke5 59.Rf3 Rf6 60.Rg3 Kf4 61.Rg4+ Kf5 62.Ne1 Rh6 63.Rg3 g4
64.hxg4+ Kf4 65.Rf3+ Kxg4 66.Rf7 Rh3+ 67.Kc2 Rc3+ 68.Kb2 g5 69.Rf6 Kg3 70.Rxb6 Kf2
71.Rg6 Kxe1 72.Rxg5 c4 73.bxc4 Rxc4 74.Rxa5 d3 75.Rh5 Rxa4  1/2-1/2

[Event "Groningen PCA"]
[Site "Groningen"]
[Date "1993.??.??"]
[Round "5"]
[White "Khalifman, Alexander"]
[Black "Akopian, Vladimir"]
[Result "1/2-1/2"]
[WhiteElo "2645"]
[BlackElo "2600"]

1.e4 e5 2.Nf3 Nf6 3.Nxe5 d6 4.Nf3 Nxe4 5.d4 d5 6.Bd3 Bd6 7.O-O O-O 8.Re1 Bf5
9.c4 c6 10.Qb3 Na6 11.cxd5 cxd5 12.Nc3 Nb4 13.Bxe4 dxe4 14.Bg5 Qb6 15.Nxe4 Rfe8
16.Nxd6 Qxd6 17.Bf4 Qb6 18.Bc7 Qxc7 19.Qxb4 Bd7 20.Nd2 Bc6 21.Nf1 Qd7 22.f3 Rxe1
23.Rxe1 Rd8 24.Rd1 Bd5 25.b3 h6 26.Ne3 Qe6 27.Nxd5 Rxd5 28.Qc3 Qd7 29.Qd3 g6
30.Qe4 Kh7 31.Rd2 h5 32.Kf2 a5 33.Qf4 Rf5 34.Qe3 Rd5 35.Qe4 b5 36.Qf4 Rf5
37.Qe3 Rd5 38.Qe4 Kg7 39.Qd3 Kh7 40.Qe3 b4 41.Qe4 Qd6 42.g3 Qd8 43.Ke3 Rd7
44.Qf4 Kg8 45.Rc2 Qe8+ 46.Kf2 Qd8 47.Rc4 Kg7 48.h3 Re7 49.Rc5 Rd7 50.Ke3 Re7+
51.Kd2 Qb6 52.h4 a4 53.Re5 Rd7 54.Ke3 axb3 55.axb3 Qc6 56.Rc5 Re7+ 57.Kf2 Qa6
58.Qd2 Qa3 59.Rc4 Qxb3 60.Rxb4 Qd5 61.Rb1 Ra7 62.Qc3 Kh7 63.Rb2 Rd7 64.Rd2 Qe6
65.Kg2 Rd5 66.Qd3 Qd7 67.Qe4 Kg7 68.Qe3 Qd8 69.Qb3 Qd7 70.Qb2 Kh7 71.Qc3 Qd8
72.Qe3  1/2-1/2

[Event "Groningen PCA"]
[Site "Groningen"]
[Date "1993.??.??"]
[Round "7"]
[White "Khalifman, Alexander"]
[Black "Lobron, Eric"]
[Result "1/2-1/2"]
[WhiteElo "2645"]
[BlackElo "2575"]

1.d4 Nf6 2.Nf3 e6 3.c4 b6 4.e3 Bb7 5.Bd3 c5 6.Nc3 Be7 7.O-O cxd4 8.exd4 d5
9.cxd5 Nxd5 10.Ne5 O-O 11.Qg4 Nf6 12.Qh4 Ne4 13.Qh3 Qxd4 14.Bf4 Nf6 15.Ne2 Qa4
16.b3 Qe8 17.Bg5 Ne4 18.Bf4 f5 19.Bc4 Bc5 20.b4 b5  1/2-1/2

[Event "Groningen PCA"]
[Site "Groningen"]
[Date "1993.??.??"]
[Round "9"]
[White "Khalifman, Alexander"]
[Black "Sokolov, Ivan"]
[Result "0-1"]
[WhiteElo "2645"]
[BlackElo "2610"]

1.d4 d5 2.c4 c6 3.Nf3 Nf6 4.Nc3 a6 5.a4 g6 6.Bf4 Bg7 7.e3 O-O 8.Be2 c5 9.dxc5 Qa5
10.O-O dxc4 11.Ne5 Qxc5 12.Nxc4 Nc6 13.a5 Be6 14.Na4 Qb4 15.Nab6 Rad8 16.Qa4 Nd5
17.Nxd5 Rxd5 18.Qxb4 Nxb4 19.Rad1 Rc5 20.b3 Nd5 21.Bf3 Rb5 22.Rd3 Nb4 23.Rdd1 Nc6
24.Rd3 Bf5 25.e4 Be6 26.e5 Rb8 27.Bxc6 bxc6 28.Rfd1 h6 29.h4 Rxb3 30.Nb6 Rb5
31.Rd8+ Rxd8 32.Rxd8+ Kh7 33.Nd7 Bxd7 34.Rxd7 Bxe5 35.Bxe5 Rxe5 36.Ra7 Rxa5
37.Rxe7 Kg7 38.Rc7 Rc5 39.Kf1 h5 40.Ke2 Kf6 41.Ke3 Ke6 42.f3 a5 43.g4 Kf6
44.Kd4 Rc1 45.gxh5 gxh5 46.Ra7 Ra1 47.Ra6 Ra4+ 48.Ke3 Kg7 49.Rxc6 Rxh4 50.Rc5 a4
51.Ra5 Kg6 52.Kf2 Rb4 53.Kg3 h4+ 54.Kg2 f5 55.Kh2 Kg5 56.Kh3 Kf4 57.Kg2 Rc4
58.Rb5 a3 59.Ra5 Rc2+ 60.Kh3 a2 61.Ra3 Rb2  0-1

[Event "Groningen PCA"]
[Site "Groningen"]
[Date "1993.??.??"]
[Round "10"]
[White "Khalifman, Alexander"]
[Black "Yermolinsky, Alex"]
[Result "1/2-1/2"]
[WhiteElo "2645"]
[BlackElo "2605"]

1.c4 b6 2.Nf3 c5 3.g3 Bb7 4.Bg2 Nf6 5.Nc3 e6 6.O-O Be7 7.d4 cxd4 8.Qxd4 d6
9.Rd1 a6 10.b3 Nbd7 11.e4 Qc8 12.Bb2  1/2-1/2

[Event "Wch Team"]
[Site "Luzern"]
[Date "1993.??.??"]
[Round "3"]
[White "Khalifman, Alexander"]
[Black "Hjartarson, Johann"]
[Result "1/2-1/2"]
[WhiteElo "2645"]
[BlackElo "2605"]

1.e4 e5 2.Nf3 Nc6 3.Bb5 a6 4.Ba4 Nf6 5.O-O Nxe4 6.d4 b5 7.Bb3 d5 8.dxe5 Be6
9.c3 Be7 10.Be3 Qd7 11.Nbd2 Rd8 12.Re1 O-O 13.Bc2 f5 14.exf6 Nxf6 15.Ng5 Bf5
16.Bf4 Bc5 17.Nb3 Bxf2+ 18.Kxf2 Bxc2 19.Qxc2 Ne4+ 20.Nxe4 Rxf4+ 21.Kg1 dxe4
22.Rxe4 Qf5 23.Re2 Qxc2  1/2-1/2

[Event "Wch Team"]
[Site "Luzern"]
[Date "1993.??.??"]
[Round "4"]
[White "Khalifman, Alexander"]
[Black "Gulko, Boris F"]
[Result "1/2-1/2"]
[WhiteElo "2645"]
[BlackElo "2635"]

1.e4 e6 2.d4 d5 3.Nd2 c5 4.Ngf3 cxd4 5.exd5 Qxd5 6.Bc4 Qd6 7.O-O Nf6 8.Nb3 Nc6
9.Nbxd4 Nxd4 10.Nxd4 a6 11.Re1 Qc7 12.Bb3 Bd6 13.Nf5 Bxh2+ 14.Kh1 O-O 15.Nxg7 Rd8
16.Qf3 Kxg7 17.Bh6+ Kg6 18.c3 Nd5 19.Re4 Kxh6 20.Rg4 Nf4 21.g3 Rd3 22.Qxf4+ Qxf4
23.gxf4 Rh3 24.Kg2 Rh5 25.Rh1 Bd7 26.Rxh2 Bc6+ 27.Kg1 Rxh2 28.Kxh2 Rd8 29.f5 exf5
30.Rd4 Re8 31.Bxf7 Re2 32.Kg3 Rxb2 33.Bd5 Bxd5 34.Rxd5 Rxa2 35.Rxf5 Kg6 36.Rc5 Rb2
37.c4 h5 38.f3 Rb4 39.Kf4 b6 40.Rc6+ Kf7 41.Ke5 h4 42.Rh6 Rxc4 43.Rxb6 a5
44.Kf5 a4 45.Rb7+ Ke8 46.Rh7 a3 47.Ra7 Rc3 48.Kg4 Kd8 49.Kxh4 Rxf3 50.Kg4 Rb3
51.Kf4 Kc8 52.Ke4 Kb8 53.Ra4 Kb7 54.Kd4 Rh3 55.Kc5 Rh5+ 56.Kb4  1/2-1/2

[Event "Wch Team"]
[Site "Luzern"]
[Date "1993.??.??"]
[Round "5"]
[White "Romanishin, Oleg M"]
[Black "Khalifman, Alexander"]
[Result "1/2-1/2"]
[WhiteElo "2615"]
[BlackElo "2645"]

1.e4 c6 2.d4 d5 3.Nd2 dxe4 4.Nxe4 Nd7 5.Nf3 Ngf6 6.Nc3 e6 7.g3 b6 8.Bg2 Ba6
9.Ne2 Bd6 10.O-O O-O 11.Re1 Qc7 12.c3 Rad8 13.a4 c5 14.a5 Bb5 15.axb6 axb6
16.Bf4 Bxf4 17.Nxf4 Bc6 18.Qe2 Rfe8 19.Ne5 Bxg2 20.Nxg2 cxd4 21.cxd4 Nxe5
22.dxe5 Nd5 23.Rac1 Qd7 24.Ne3 Nxe3 25.Qxe3 Qb5 26.Rc3 Qxb2  1/2-1/2

[Event "Wch Team"]
[Site "Luzern"]
[Date "1993.??.??"]
[Round "7"]
[White "Vera, Reynaldo"]
[Black "Khalifman, Alexander"]
[Result "1/2-1/2"]
[WhiteElo "2525"]
[BlackElo "2645"]

1.d4 Nf6 2.c4 g6 3.Nc3 Bg7 4.e4 d6 5.Be2 O-O 6.Nf3 e5 7.O-O Nc6 8.Be3 Ng4
9.Bg5 f6 10.Bc1 Kh8 11.dxe5 fxe5 12.Bg5 Nf6 13.Qd2 Bg4 14.Rae1 Qd7 15.h3 Be6
16.b3 Rae8 17.Bd1 Nh5 18.Nd5 Nd8 19.Nh2  1/2-1/2

[Event "Wch Team"]
[Site "Luzern"]
[Date "1993.??.??"]
[Round "8"]
[White "Akopian, Vladimir"]
[Black "Khalifman, Alexander"]
[Result "1/2-1/2"]
[WhiteElo "2600"]
[BlackElo "2645"]

1.d4 d5 2.Nf3 Nf6 3.c4 c6 4.Nc3 a6 5.Qb3 e6 6.Bg5 dxc4 7.Qxc4 b5 8.Qd3 c5
9.Bxf6 gxf6 10.e3 Bb7 11.dxc5 Bxc5 12.Qc2 Nd7 13.Bd3 Rc8 14.Be4 Bxe4 15.Qxe4 f5
16.Qd3 Nb6 17.Qxd8+ Kxd8 18.O-O-O+ Ke7 19.Kb1 Nc4 20.Rd3 Rhd8 21.Rhd1 Rxd3
22.Rxd3 Nd6 23.Nd4 Bb4  1/2-1/2

[Event "Wch Team"]
[Site "Luzern"]
[Date "1993.??.??"]
[Round "9"]
[White "Khalifman, Alexander"]
[Black "Kengis, Edvins"]
[Result "1/2-1/2"]
[WhiteElo "2645"]
[BlackElo "2560"]

1.d4 Nf6 2.c4 e6 3.Nf3 b6 4.g3 Ba6 5.b3 d5 6.Bg2 Bb4+ 7.Bd2 Be7 8.cxd5 exd5
9.O-O O-O 10.Nc3 Bb7 11.Qc2 Na6 12.Rad1 Qc8 13.Bg5 Qe6 14.Ne5 c5 15.e3 Rfd8
16.Ne2 cxd4 17.exd4 Rac8 18.Qb1 Ne4 19.Bxe7 Qxe7 20.f3 Nf6 21.Nf4 Rc7 22.Rfe1 Qa3
23.Nfd3 Nb4 24.Nxb4 Qxb4 25.Qd3 a5 26.Bf1  1/2-1/2

[Event "Moscow blitz"]
[Site "Moscow"]
[Date "1993.??.??"]
[Round "?"]
[White "Budnikov, Alexandar"]
[Black "Khalifman, Alexander"]
[Result "1-0"]
[WhiteElo "2520"]
[BlackElo "2630"]

1.c4 Nf6 2.Nc3 g6 3.e4 d6 4.d4 Bg7 5.Be2 O-O 6.Bg5 Na6 7.f3 e5 8.dxe5 dxe5
9.Qxd8 Rxd8 10.Nd5 Rd6 11.O-O-O Nxd5 12.cxd5 c6 13.Bxa6 bxa6 14.Be7 Rd7 15.d6 Bf8
16.Bxf8 Kxf8 17.Ne2 Bb7 18.Rd2 c5 19.Nc3 Rc8 20.Rhd1 Rc6 21.Rd5 f6 22.Na4 Rc8
23.Rxc5 Rcd8 24.Rc7 Rxc7+ 25.dxc7 Rxd1+ 26.Kxd1 Ke7 27.Kd2 Kd6 28.Kc3 Kxc7
29.Nc5 Bc8 30.b4 g5 31.a4  1-0

[Event "Moscow blitz"]
[Site "Moscow"]
[Date "1993.??.??"]
[Round "?"]
[White "Ivanovic, Bozidar"]
[Black "Khalifman, Alexander"]
[Result "0-1"]
[WhiteElo "2470"]
[BlackElo "2630"]

1.e4 e5 2.Nf3 Nc6 3.Bc4 Nf6 4.d3 Bc5 5.Nc3 d6 6.Bg5 h6 7.Bxf6 Qxf6 8.Nd5 Qd8
9.c3 Ne7 10.d4 Nxd5 11.dxc5 Nf4 12.g3 Nh3 13.cxd6 cxd6 14.Bb5+ Ke7 15.Qd2 Qb6
16.Bf1 Bg4 17.Bg2 Rad8 18.Ng1 Nxg1 19.Rxg1 Rhe8 20.h3 Be6 21.b3 a5 22.c4 a4
23.Ke2 axb3 24.axb3 Qxb3 25.Rgb1 Qxc4+ 26.Ke1 Rd7 27.Rb4 Qc5 28.Kf1 Bc4+
29.Kg1 b5 30.Bf1 Rc8 31.Rc1 Ra7 32.Qb2 Rac7 33.Bxc4 bxc4 34.Rc3 Qd4 35.Qc2 Kf8
36.Kh2 g6 37.h4 Kg7  0-1

[Event "Moscow blitz"]
[Site "Moscow"]
[Date "1993.??.??"]
[Round "?"]
[White "Khalifman, Alexander"]
[Black "Ivanchuk, Vassily"]
[Result "1/2-1/2"]
[WhiteElo "2630"]
[BlackElo "2710"]

1.d4 Nf6 2.c4 e6 3.Nf3 d5 4.Nc3 Nbd7 5.e3 a6 6.a4 Be7 7.Bd3 O-O 8.O-O dxc4
9.Bxc4 c5 10.Qe2 cxd4 11.exd4 Nb6 12.Bb3 Bd7 13.Rd1 Bc6 14.Bg5 Nfd5 15.Bxe7 Qxe7
16.a5 Nxc3 17.bxc3 Nd5 18.Qd2 Rfd8 19.c4 Nf6 20.Ne5 Rac8 21.Rac1 Be8 22.Qe1 Nd7
23.c5 Nxe5 24.Qxe5 Qc7 25.Qxc7 Rxc7 26.d5 exd5 27.Rxd5 Rxd5 28.Bxd5 Bc6 29.Bxc6 Rxc6
30.f3 g5 31.Kf2 Kg7 32.Ke3 Kf6 33.Kd4 Rc7 34.Rb1 Rd7+ 35.Ke4 Re7+ 36.Kd4 Rd7+
37.Kc4 Ke5 38.Re1+ Kf4 39.Re4+ Kf5 40.g4+ Kf6  1/2-1/2

[Event "Moscow blitz"]
[Site "Moscow"]
[Date "1993.??.??"]
[Round "?"]
[White "Khalifman, Alexander"]
[Black "Bykhovsky, Avigdor"]
[Result "1-0"]
[WhiteElo "2630"]
[BlackElo "2520"]

1.d4 d6 2.Nf3 Bg4 3.e4 Nf6 4.Bd3 e6 5.h3 Bxf3 6.Qxf3 d5 7.e5 Nfd7 8.O-O c5
9.c4 Nc6 10.cxd5 Nxd4 11.Qe4 exd5 12.Qxd5 Qc7 13.Bg5 Nb6 14.Qe4 Be7 15.Bxe7 Qxe7
16.Nc3 O-O-O 17.a4 Kb8 18.a5 Nd7 19.a6 Nb6 20.axb7 Qxb7 21.Qf4 Ne6 22.Qg3 g6
23.Be4 Qd7 24.Rfd1 Qc7 25.Rd6 Nd4 26.Kh2 h5 27.Nd5 Nxd5 28.Bxd5 h4 29.Qg5 Rxd6
30.exd6 Qxd6+ 31.Kh1 Rd8 32.Bxf7 Nc2 33.Rc1 Qd1+ 34.Rxd1 Rxd1+ 35.Kh2  1-0